000 00559 a2200193 4500
005 20260209163203.0
008 260209b |||||||| |||| 00| 0 eng d
020 _a9789369672585
_cRs. 4995.00
040 _aMAIN
082 _a613.7046
_bP886P
100 _a Prasad, Suresh
245 _aPractical guide to your physical &Emotional health based on ayurvedic and yogic wisdom
260 _bScientific Books International
_c2026
_aNew Delhi
300 _a294
650 _aYoga
650 _aPersonal Health
650 _aPhysical Health
942 _cBK
999 _c396213
_d396213